<?xml version="1.0" encoding="UTF-8"?>
<record
    xmlns:xsi="http://www.w3.org/2001/XMLSchema-instance"
    xsi:schemaLocation="http://www.loc.gov/MARC21/slim http://www.loc.gov/standards/marcxml/schema/MARC21slim.xsd"
    xmlns="http://www.loc.gov/MARC21/slim">

  <leader>01678nam a2200289uu 4500</leader>
  <controlfield tag="001">1134897</controlfield>
  <controlfield tag="005">20260507085947.0</controlfield>
  <controlfield tag="007">co|||||||</controlfield>
  <controlfield tag="008">090331s2009                        spa  </controlfield>
  <datafield tag="035" ind1=" " ind2=" ">
    <subfield code="a">1134897</subfield>
  </datafield>
  <datafield tag="040" ind1=" " ind2=" ">
    <subfield code="c">comduadb</subfield>
  </datafield>
  <datafield tag="041" ind1=" " ind2=" ">
    <subfield code="a">spa</subfield>
  </datafield>
  <datafield tag="080" ind1=" " ind2=" ">
    <subfield code="a">JC</subfield>
  </datafield>
  <datafield tag="100" ind1="1" ind2="0">
    <subfield code="a">Tapias Arboleda, Yuber Hernany</subfield>
    <subfield code="4">aut</subfield>
    <subfield code="e">aut</subfield>
    <subfield code="9">575554</subfield>
  </datafield>
  <datafield tag="245" ind1="1" ind2="0">
    <subfield code="a">Para hallar el &#xE1;rea de este pol&#xED;gono tan extra&#xF1;o, necesito aprender mil f&#xF3;rmulas o solo contar puntos, conjeturar y refutar?</subfield>
  </datafield>
  <datafield tag="260" ind1=" " ind2=" ">
    <subfield code="a">Medell&#xED;n :</subfield>
    <subfield code="b">[sin publicador],</subfield>
    <subfield code="c">2009.</subfield>
  </datafield>
  <datafield tag="300" ind1=" " ind2=" ">
    <subfield code="a">1 CD-ROM</subfield>
  </datafield>
  <datafield tag="520" ind1="3" ind2=" ">
    <subfield code="a">Para hallar el &#xE1;rea de este pol&#xED;gono tan extra&#xF1;o, necesito aprender mil f&#xF3;rmulas o solo contar puntos, conjeturar y refutar?, es el trabajo de grado de un estudiante de Licenciatura Educaci&#xF3;n B&#xE1;sica con &#xE9;nfasis en Matem&#xE1;ticas, de la Universidad de Antioquia. Despu&#xE9;s de una introducci&#xF3;n se presenta el marco conceptual para el Geoplano, (obra exclusiva del autor) basado en nociones b&#xE1;sicas de teor&#xED;a geom&#xE9;trica de los n&#xFA;meros de Herman Minkowski y con marco conceptual fundado en la l&#xF3;gica del descubrimiento matem&#xE1;tico de Imre Lakatos.</subfield>
  </datafield>
  <datafield tag="650" ind1=" " ind2=" ">
    <subfield code="a">Licenciatura en Educaci&#xF3;n</subfield>
    <subfield code="9">181088</subfield>
  </datafield>
  <datafield tag="650" ind1=" " ind2=" ">
    <subfield code="a">Preguntas de investigaci&#xF3;n</subfield>
    <subfield code="9">158028</subfield>
  </datafield>
  <datafield tag="650" ind1=" " ind2=" ">
    <subfield code="a">Topolog&#xED;a - Ense&#xF1;anza</subfield>
    <subfield code="9">49893</subfield>
  </datafield>
  <datafield tag="650" ind1=" " ind2="7">
    <subfield code="a">Matem&#xE1;ticas</subfield>
    <subfield code="x">Ense&#xF1;anza</subfield>
    <subfield code="2">lemb</subfield>
    <subfield code="9">190108</subfield>
  </datafield>
  <datafield tag="700" ind1=" " ind2="0">
    <subfield code="a">Durango Urrego, John Henry</subfield>
    <subfield code="c">Doctor en Educaci&#xF3;n</subfield>
    <subfield code="4">ths</subfield>
    <subfield code="e">ths</subfield>
    <subfield code="9">459795</subfield>
  </datafield>
  <datafield tag="856" ind1="4" ind2=" ">
    <subfield code="u">http://ayura.udea.edu.co:8080/jspui/handle/123456789/967</subfield>
  </datafield>
  <datafield tag="942" ind1=" " ind2=" ">
    <subfield code="c">TESIS</subfield>
  </datafield>
  <datafield tag="999" ind1=" " ind2=" ">
    <subfield code="c">497624</subfield>
    <subfield code="d">497624</subfield>
  </datafield>
  <datafield tag="500" ind1=" " ind2=" ">
    <subfield code="a">Tesis (Licenciatura en Educaci&#xF3;n B&#xE1;sica con &#xC9;nfasis en Matem&#xE1;ticas). Universidad de Antioquia, Facultad de Educaci&#xF3;n - T&#xED;tulo del grado otorgado</subfield>
  </datafield>
  <datafield tag="952" ind1=" " ind2=" ">
    <subfield code="0">0</subfield>
    <subfield code="1">0</subfield>
    <subfield code="4">0</subfield>
    <subfield code="7">0</subfield>
    <subfield code="8">DIGITAL</subfield>
    <subfield code="a">CEDED</subfield>
    <subfield code="b">CEDED</subfield>
    <subfield code="d">2009-03-31</subfield>
    <subfield code="i">C1040604</subfield>
    <subfield code="l">0</subfield>
    <subfield code="o">JC/0566</subfield>
    <subfield code="p">0596994</subfield>
    <subfield code="r">2023-04-28 00:00:00</subfield>
    <subfield code="t">1</subfield>
    <subfield code="w">2023-04-28</subfield>
    <subfield code="y">DIGITAL</subfield>
  </datafield>
</record>
